<?xml version='1.0' encoding='UTF-8'?>
  <record xmlns="http://www.loc.gov/MARC21/slim">
    <leader>00000cam a22000001i 4500</leader>
    <controlfield tag="001">ocm03411172</controlfield>
    <controlfield tag="003">OCoLC</controlfield>
    <controlfield tag="005">20250612183445.6</controlfield>
    <controlfield tag="008">771111s1891    enka     b    001 0 eng c</controlfield>
    <datafield tag="010" ind1=" " ind2=" ">
      <subfield code="a">gs 13000462 </subfield>
    </datafield>
    <datafield tag="040" ind1=" " ind2=" ">
      <subfield code="a">U.S. Geological Survey</subfield>
      <subfield code="b">eng</subfield>
      <subfield code="e">rda</subfield>
      <subfield code="c">HDC</subfield>
      <subfield code="d">DLC</subfield>
      <subfield code="d">OCLCQ</subfield>
      <subfield code="d">NLGGC</subfield>
      <subfield code="d">OCLCQ</subfield>
      <subfield code="d">KRTAS</subfield>
      <subfield code="d">KIJ</subfield>
      <subfield code="d">AMAZN</subfield>
      <subfield code="d">UKMGB</subfield>
      <subfield code="d">OCLCF</subfield>
      <subfield code="d">OCLCQ</subfield>
      <subfield code="d">OCLCO</subfield>
      <subfield code="d">LGG</subfield>
      <subfield code="d">CNUTO</subfield>
      <subfield code="d">WCM</subfield>
      <subfield code="d">QGJ</subfield>
      <subfield code="d">OCLCQ</subfield>
      <subfield code="d">OCLCO</subfield>
      <subfield code="d">OCLCQ</subfield>
      <subfield code="d">OCLCL</subfield>
    </datafield>
    <datafield tag="016" ind1="7" ind2=" ">
      <subfield code="a">003436599</subfield>
      <subfield code="2">Uk</subfield>
    </datafield>
    <datafield tag="019" ind1=" " ind2=" ">
      <subfield code="a">191971439</subfield>
      <subfield code="a">222776602</subfield>
      <subfield code="a">977854257</subfield>
      <subfield code="a">1017322181</subfield>
      <subfield code="a">1045820512</subfield>
      <subfield code="a">1051516775</subfield>
      <subfield code="a">1079835528</subfield>
      <subfield code="a">1150791869</subfield>
      <subfield code="a">1181303160</subfield>
    </datafield>
    <datafield tag="029" ind1="1" ind2=" ">
      <subfield code="a">AU@</subfield>
      <subfield code="b">000009419599</subfield>
    </datafield>
    <datafield tag="029" ind1="1" ind2=" ">
      <subfield code="a">AU@</subfield>
      <subfield code="b">000009642724</subfield>
    </datafield>
    <datafield tag="029" ind1="1" ind2=" ">
      <subfield code="a">AU@</subfield>
      <subfield code="b">000023718912</subfield>
    </datafield>
    <datafield tag="029" ind1="1" ind2=" ">
      <subfield code="a">AU@</subfield>
      <subfield code="b">000047386068</subfield>
    </datafield>
    <datafield tag="029" ind1="1" ind2=" ">
      <subfield code="a">HEBIS</subfield>
      <subfield code="b">120338254</subfield>
    </datafield>
    <datafield tag="029" ind1="1" ind2=" ">
      <subfield code="a">NLGGC</subfield>
      <subfield code="b">24108556X</subfield>
    </datafield>
    <datafield tag="029" ind1="1" ind2=" ">
      <subfield code="a">NZ1</subfield>
      <subfield code="b">11873963</subfield>
    </datafield>
    <datafield tag="029" ind1="1" ind2=" ">
      <subfield code="a">AU@</subfield>
      <subfield code="b">000053816922</subfield>
    </datafield>
    <datafield tag="029" ind1="1" ind2=" ">
      <subfield code="a">UKMGB</subfield>
      <subfield code="b">003436599</subfield>
    </datafield>
    <datafield tag="035" ind1=" " ind2=" ">
      <subfield code="a">(OCoLC)3411172</subfield>
      <subfield code="z">(OCoLC)191971439</subfield>
      <subfield code="z">(OCoLC)222776602</subfield>
      <subfield code="z">(OCoLC)977854257</subfield>
      <subfield code="z">(OCoLC)1017322181</subfield>
      <subfield code="z">(OCoLC)1045820512</subfield>
      <subfield code="z">(OCoLC)1051516775</subfield>
      <subfield code="z">(OCoLC)1079835528</subfield>
      <subfield code="z">(OCoLC)1150791869</subfield>
      <subfield code="z">(OCoLC)1181303160</subfield>
    </datafield>
    <datafield tag="041" ind1="1" ind2=" ">
      <subfield code="a">eng</subfield>
      <subfield code="h">ger</subfield>
    </datafield>
    <datafield tag="050" ind1="0" ind2="0">
      <subfield code="a">QE905</subfield>
      <subfield code="b">.S6</subfield>
    </datafield>
    <datafield tag="082" ind1="0" ind2="4">
      <subfield code="a">561</subfield>
      <subfield code="b">So46f</subfield>
      <subfield code="1">https://id.oclc.org/worldcat/ddc/E3FMwVBdD3d78BXtrbKd98RV97</subfield>
    </datafield>
    <datafield tag="100" ind1="1" ind2=" ">
      <subfield code="a">Solms-Laubach, Hermann,</subfield>
      <subfield code="c">Graf zu,</subfield>
      <subfield code="d">1842-1915,</subfield>
      <subfield code="e">author.</subfield>
      <subfield code="1">https://id.oclc.org/worldcat/entity/E39PBJm4V9yW7Jf9yJykmB4jG3</subfield>
    </datafield>
    <datafield tag="240" ind1="1" ind2="0">
      <subfield code="a">Einleitung in die Paläophytologie.</subfield>
      <subfield code="l">English</subfield>
    </datafield>
    <datafield tag="245" ind1="1" ind2="0">
      <subfield code="a">Fossil botany :</subfield>
      <subfield code="b">being an introduction to palaeophytology from the standpoint of the botanist /</subfield>
      <subfield code="c">by H. graf zu Solms-Laubach, professor in the University of Göttingen; the authorised English translation, by Henry E.F. Garnsey, M.A., fellow of Magdalen College, Oxford; revised by Isaac Bayley Balfour, M.A., M.D., F.R.S., Queen's Botanist in Scotland, professor of Botany in the University and Keeper of the Royal Botanic Garden, Edinburgh; with forty-nine illustrations.</subfield>
    </datafield>
    <datafield tag="264" ind1=" " ind2="1">
      <subfield code="a">Oxford :</subfield>
      <subfield code="b">at the Clarendon Press,</subfield>
      <subfield code="c">1891.</subfield>
    </datafield>
    <datafield tag="300" ind1=" " ind2=" ">
      <subfield code="a">xi pages, 1 unnumbered page, 401 pages, 1 unnumbered page :</subfield>
      <subfield code="b">illustrations ;</subfield>
      <subfield code="c">25 cm</subfield>
    </datafield>
    <datafield tag="336" ind1=" " ind2=" ">
      <subfield code="a">text</subfield>
      <subfield code="b">txt</subfield>
      <subfield code="2">rdacontent</subfield>
    </datafield>
    <datafield tag="337" ind1=" " ind2=" ">
      <subfield code="a">unmediated</subfield>
      <subfield code="b">n</subfield>
      <subfield code="2">rdamedia</subfield>
    </datafield>
    <datafield tag="338" ind1=" " ind2=" ">
      <subfield code="a">volume</subfield>
      <subfield code="b">nc</subfield>
      <subfield code="2">rdacarrier</subfield>
    </datafield>
    <datafield tag="340" ind1=" " ind2=" ">
      <subfield code="m">8vo.</subfield>
      <subfield code="2">rdabf</subfield>
    </datafield>
    <datafield tag="500" ind1=" " ind2=" ">
      <subfield code="a">Translation of: "Einleitung in die Paläophytologie, vom botanischen Standpunkt aus."</subfield>
    </datafield>
    <datafield tag="500" ind1=" " ind2=" ">
      <subfield code="a">Errata  precedes text.</subfield>
    </datafield>
    <datafield tag="500" ind1=" " ind2=" ">
      <subfield code="a">Publisher's advertisement on final page.</subfield>
    </datafield>
    <datafield tag="500" ind1=" " ind2=" ">
      <subfield code="a">Includes index.</subfield>
    </datafield>
    <datafield tag="504" ind1=" " ind2=" ">
      <subfield code="a">"List of publications": pages 373-389.</subfield>
    </datafield>
    <datafield tag="650" ind1=" " ind2="0">
      <subfield code="a">Paleobotany.</subfield>
    </datafield>
    <datafield tag="650" ind1=" " ind2="6">
      <subfield code="a">Paléobotanique.</subfield>
    </datafield>
    <datafield tag="650" ind1=" " ind2="7">
      <subfield code="a">Paleobotany.</subfield>
      <subfield code="2">fast</subfield>
      <subfield code="0">(OCoLC)fst01051324</subfield>
    </datafield>
    <datafield tag="650" ind1="1" ind2="7">
      <subfield code="a">Paleobotanie.</subfield>
      <subfield code="2">gtt</subfield>
    </datafield>
    <datafield tag="700" ind1="1" ind2=" ">
      <subfield code="a">Garnsey, Henry E. F.</subfield>
      <subfield code="q">(Henry Edward Fowler),</subfield>
      <subfield code="d">1826-1903,</subfield>
      <subfield code="e">translator.</subfield>
      <subfield code="1">https://id.oclc.org/worldcat/entity/E39PBJjxrx9gjYFrmwQ6pYRBT3</subfield>
    </datafield>
    <datafield tag="700" ind1="1" ind2=" ">
      <subfield code="a">Balfour, Isaac Bayley,</subfield>
      <subfield code="d">1853-1922,</subfield>
      <subfield code="e">editor.</subfield>
      <subfield code="1">https://id.oclc.org/worldcat/entity/E39PBJxMjfQbmFCMbx4ccR9dQq</subfield>
    </datafield>
    <datafield tag="752" ind1=" " ind2=" ">
      <subfield code="a">Great Britain</subfield>
      <subfield code="b">England</subfield>
      <subfield code="d">Oxford</subfield>
    </datafield>
    <datafield tag="758" ind1=" " ind2=" ">
      <subfield code="i">has work:</subfield>
      <subfield code="a">Fossil botany (Text)</subfield>
      <subfield code="1">https://id.oclc.org/worldcat/entity/E39PCFHdBf7GYJc68gCprGBGjK</subfield>
      <subfield code="4">https://id.oclc.org/worldcat/ontology/hasWork</subfield>
    </datafield>
    <datafield tag="765" ind1="0" ind2="8">
      <subfield code="i">Translation of:</subfield>
      <subfield code="a">Solms-Laubach, Hermann, Graf zu, 1842-1915.</subfield>
      <subfield code="t">Einleitung in die Paläophytologie, vom botanischen Standpunkt aus.</subfield>
    </datafield>
    <datafield tag="776" ind1="0" ind2="8">
      <subfield code="i">Electronic reproduction:</subfield>
      <subfield code="a">Solms-Laubach, Hermann, Graf, 1842-1915.</subfield>
      <subfield code="s">Einleitung in die Paläophytologie. English.</subfield>
      <subfield code="t">Fossil botany.</subfield>
      <subfield code="d">Oxford, Clarendon Press, 1891</subfield>
      <subfield code="w">(OCoLC)495859406</subfield>
    </datafield>
    <datafield tag="776" ind1="0" ind2="8">
      <subfield code="i">Electronic reproduction:</subfield>
      <subfield code="a">Solms-Laubach, Hermann, Graf, 1842-1915.</subfield>
      <subfield code="s">Einleitung in die Paläophytologie. English.</subfield>
      <subfield code="t">Fossil botany.</subfield>
      <subfield code="d">Oxford, Clarendon Press, 1891</subfield>
      <subfield code="w">(OCoLC)595057930</subfield>
    </datafield>
    <datafield tag="776" ind1="0" ind2="8">
      <subfield code="i">Online version:</subfield>
      <subfield code="a">Solms-Laubach, Hermann, Graf zu, 1842-1915, https://id.oclc.org/worldcat/entity/E39PBJm4V9yW7Jf9yJykmB4jG3.</subfield>
      <subfield code="s">Einleitung in die Paläophytologie. English.</subfield>
      <subfield code="t">Fossil botany</subfield>
      <subfield code="w">(OCoLC)1470915790</subfield>
    </datafield>
    <datafield tag="938" ind1=" " ind2=" ">
      <subfield code="a">AMAZON</subfield>
      <subfield code="b">AMZN</subfield>
      <subfield code="n">B0038W0NM2</subfield>
    </datafield>
    <datafield tag="938" ind1=" " ind2=" ">
      <subfield code="a">Kirtas Technologies, Inc.</subfield>
      <subfield code="b">KRTS</subfield>
      <subfield code="n">119835</subfield>
    </datafield>
  </record>